000 00245nam a22001097a 4500
999 _c169835
_d169835
082 _a
_b
100 _aAnil Kumar K
245 _aThiruvarppu sanchara swathanthrya samaram/
_cby Anil Kumar K.
260 _a
_b
_c
650 _a
942 _cBK